| 000 | 00000nam##2200000za#4500 |
| 001 | 9.606856 |
| 003 | CaOODSP |
| 005 | 20230324133517 |
| 007 | cr ||||||||||| |
| 008 | 150406|2002||||xxc|||||o f|0| 0 fre|d |
| 040 | |aCaOODSP|bfre |
| 043 | |an-cn--- |
| 086 | 1 |aEn4-23/2002F-PDF |
| 110 | 2 |aCentre Saint-Laurent. |
| 245 | 10|aL'évolution des niveaux et débits du fleuve / |h[ressource électronique]|crédaction : Jean-François Cantin et André Bouchard, Service météorologique du Canada – Région du Québec, Environnement Canada. |
| 260 | |aSainte-Foy - Québec : |bEnvironnement Canada. |cc2002. |
| 300 | |a8p.|bcartes en couleur, graphiques, photographies |
| 500 | |aLe n° de catalogue (En 4-23/2002F) et l'ISBN (0-662-88171-0) de l'édition imprimée ont été incorrectement copiés dans l'édition électronique. |
| 590 | |a14-08-Supp|b2014-04-10 |
| 775 | 08|tChanges in water level and flow in the St. Lawrence River / |w(CaOODSP)9.579374 |
| 856 | 40|ahttp://publications.gc.ca|qPDF|s1.30 Mo|uhttps://publications.gc.ca/collections/collection_2014/ec/En4-23-2002-fra.pdf |